Centre - state ties (Record no. 8406)

000 -LEADER
fixed length control field 00338pab a2200133 454500
008 - FIXED-LENGTH DATA ELEMENTS--GENERAL INFORMATION
fixed length control field 180718b1985 xxu||||| |||| 00| 0 eng d
245 ## - TITLE STATEMENT
Title Centre - state ties
Remainder of title Hegde speaks his mind
260 ## - PUBLICATION, DISTRIBUTION, ETC.
Date of publication, distribution, etc. 1985
300 ## - PHYSICAL DESCRIPTION
Extent 15-17
362 ## - DATES OF PUBLICATION AND/OR SEQUENTIAL DESIGNATION
Dates of publication and/or sequential designation 5 Aug..
650 ## - SUBJECT ADDED ENTRY--TOPICAL TERM
Topical term or geographic name entry element Federal - State Relations - India - Karnataka
773 ## - HOST ITEM ENTRY
Main entry heading Capital
909 ## -
-- 8406
Holdings
Withdrawn status Lost status Damaged status Not for loan Permanent Location Current Location Date acquired Serial Enumeration / chronology Barcode Date last seen Price effective from Koha item type
        Indian Institute of Public Administration Indian Institute of Public Administration 2018-07-19 Volume no: 195, Issue no: 4811 AR8419 2018-07-19 2018-07-19 Articles

Powered by Koha